000 00681nam a2200289Ia 4500
005 20260324122338.0
008 008 260324s9999 xx 000 0 eng d
020 _a9781315611648
037 _aEBOOK
040 _aCRL
040 _beng
040 _cCRL
041 _2eng
041 _aeng
084 _qCRL
100 _aGöran Rydén
_91166090
245 0 _aSweden in the Eighteenth-Century World
245 0 _bProvincial Cosmopolitans
260 _bTaylor and Francis
260 _c2013
365 _a
365 _b220
856 _uhttp://www.taylorfrancis.com/books/9781315611648
942 _cEBOOK
999 _c1758754
_d1758754